[Event "FRA-chT Top 12 2019"]
[Site "Brest"]
[Date "2019.05.20"]
[Round "3.4"]
[White "Miezis, Normunds"]
[Black "Brunner, Nicolas"]
[Result "1-0"]
[WhiteElo "2456"]
[BlackElo "2422"]
[Annotator "TA"]
[PlyCount "101"]
[EventDate "2019.05.18"]
[EventType "team-tourn"]
[EventCountry "FRA"]
[SourceTitle "playchess.com"]
[Source "ChessBase"]
[SourceQuality "1"]

{[%evp 14,101,-16,-21,0,-15,-12,-21,-12,-11,-17,-16,-8,-16,-18,-29,-28,-28,-17,-18,-19,-50,-38,-42,-52,-60,-15,-14,-20,-54,-39,-41,-28,-45,-8,-8,-11,-11,-6,-6,0,-10,0,-14,0,-32,0,-27,-17,-19,0,-21,-25,-27,-10,-46,-40,-91,-92,-109,-83,-86,0,0,79,87,87,81,116,88,205,209,243,153,137,128,377,387,387,369,514,365,375,377,370,357,477,476,793,646]} 1. c4 e6 2. e4 d5 3. exd5 exd5 4. d4 Bb4+ 5. Nc3 Nf6 6. Bd3 dxc4 7. Bxc4 O-O 8. Nge2 Bd6 {C01: French: Exchange Variation} (8... Nbd7 9. O-O Nb6 10. Bb3 c6 11. Bg5 Be7 12. Re1 h6 13. Bh4 Nbd5 14. Nxd5 Nxd5 15. Bxe7 Nxe7 16. Nf4 {1-0 (68) Rakhmanov,A (2653)-Riazantsev,A (2650) Riadh 2017}) 9. Bg5 Nbd7 10. Qd3 c6 {The position is equal.} 11. Bb3 Re8 12. h3 $146 ({Predecessor:} 12. O-O-O b5 13. f3 a5 14. Ng3 Qc7 15. Kb1 Qb7 {1-0 (34) Sanchez Montesdeoca,I (1757)-Medina Martin,A (1567) Gran Canaria 2016}) 12... Nb6 13. Bc2 g6 14. Qf3 Be7 15. O-O Nfd5 16. Bh6 Be6 17. Ne4 Nb4 18. Bb1 Bd5 19. a3 Bxe4 (19... f5 {feels hotter.} 20. axb4 fxe4 21. Qf4 Bd6 22. Qc1 Bxb4 23. Nc3 Qf6) 20. Bxe4 N4d5 21. Bd2 Bf6 22. Rad1 Qd6 23. Bc1 Re7 24. Bc2 Rae8 25. Ng3 Bg7 26. Ne4 Qc7 27. Bg5 Re6 28. b4 {Threatening Nc5.} Nd7 29. Bc1 h6 30. h4 N7f6 $36 {[%cal Rf6e4][%mdl 2048] Black fights for an advantage.} 31. Nc5 Re2 32. Bd3 R2e7 33. Bc4 b6 34. Nb3 Qd7 35. g3 {[#]} (35. Rd2 $15) 35... Ne4 $1 $17 36. Bb2 h5 37. Nc1 Nef6 ({Black should try} 37... g5 $17 {...gxh4 is the strong threat.} 38. Qxh5 Qh3 39. Bxd5 cxd5) 38. Nd3 $11 Qd6 (38... Qh3 $11 {remains equal.}) 39. Ne5 $16 b5 40. Bb3 Rc8 41. Bc1 a5 (41... Ng4 $16 {was worth a try.}) 42. bxa5 $18 Ra7 43. a4 {Threatens to win with axb5.} Rxa5 44. Bd2 Ra7 $2 {[#]} (44... Rxa4 $16 {is a better defense.} 45. Bxa4 bxa4) 45. axb5 cxb5 46. Rc1 Rac7 47. Rxc7 Rxc7 48. Rc1 Rxc1+ 49. Bxc1 b4 50. Bg5 Kf8 (50... Ne7 $142 51. Qb7 Kh7 52. Nxf7 Qxd4 53. Qxe7 Ng4) 51. Bxd5 {Accuracy: White = 50%, Black = 43%.} 1-0

[Event "FRA-chT Top 12 2019"]
[Site "Brest"]
[Date "2019.05.20"]
[Round "3.5"]
[White "Postny, Evgeny"]
[Black "Rambaldi, Francesco"]
[Result "1/2-1/2"]
[WhiteElo "2603"]
[BlackElo "2558"]
[Annotator "TA"]
[PlyCount "67"]
[EventDate "2019.05.18"]
[EventType "team-tourn"]
[EventCountry "FRA"]
[SourceTitle "playchess.com"]
[Source "ChessBase"]
[SourceQuality "1"]

{[%evp 9,67,26,27,18,38,34,43,38,38,34,28,38,60,23,34,21,25,16,15,0,0,0,0,0,0,-15,7,7,7,7,58,48,49,49,58,48,80,72,47,4,80,3,3,3,21,20,21,0,0,0,0,-19,0,0,0,0,10,-3,-3,-10]} 1. d4 g6 2. c4 Bg7 3. e4 e6 4. Nc3 Ne7 5. Nf3 d5 6. e5 {A40: Unusual replies to 1 d4} h6 7. Be2 Nbc6 8. O-O {White is slightly better.} O-O 9. Re1 dxc4 $146 ({Predecessor:} 9... b6 10. cxd5 Nxd5 11. Nxd5 Qxd5 12. Bd3 {1-0 (60) Onischuk,A (2681)-Ipatov,A (2665) Saint Louis 2018}) 10. Bxc4 b6 11. Be3 Bb7 12. Qe2 Nb4 13. Rad1 Nbd5 14. Bc1 Nxc3 15. bxc3 c5 16. dxc5 Qc7 17. Ba6 bxc5 18. Bxb7 Qxb7 19. Nd2 Nd5 (19... Qc7 $11) 20. Ne4 $14 c4 21. Ba3 Rfd8 22. Bd6 ({Much worse is} 22. Qxc4 Bxe5 23. Rb1 Rac8 $17) 22... Qa6 23. g3 Qa5 24. Qxc4 {Threatening Qb3.} Rdc8 (24... Rac8 $11 {keeps the balance.} 25. Qe2 Nxc3 26. Nxc3 Qxc3) 25. Qb3 (25. Qd4 $16) 25... Nxc3 $11 {The position is equal.} 26. Nxc3 Qxc3 27. Qb7 Bf8 28. Bxf8 Rxf8 29. Re3 Qc2 30. Qb3 Qc5 31. Qc3 Qxc3 32. Rxc3 Rfd8 33. Rdc1 Rd5 34. Rc5 {Accuracy: White = 50%, Black = 57%.} 1/2-1/2

[Event "FRA-chT Top 12 2019"]
[Site "Brest"]
[Date "2019.05.20"]
[Round "3.5"]
[White "Van Foreest, Jorden"]
[Black "Apicella, Manuel"]
[Result "1-0"]
[WhiteElo "2601"]
[BlackElo "2502"]
[Annotator "TA"]
[PlyCount "53"]
[EventDate "2019.05.18"]
[EventType "team-tourn"]
[EventCountry "FRA"]
[SourceTitle "playchess.com"]
[Source "ChessBase"]
[SourceQuality "1"]

{[%evp 24,53,18,14,42,31,36,18,46,55,27,27,85,64,46,0,0,0,147,120,154,139,147,151,182,179,576,574,570,563,514,504]} 1. e4 e6 2. d4 d5 3. Nc3 Bb4 4. e5 Ne7 5. a3 Bxc3+ 6. bxc3 c5 7. Qg4 O-O 8. Bd3 f5 9. exf6 Rxf6 10. Bg5 Rf7 11. Qh5 g6 12. Qd1 Nbc6 13. Nf3 Qa5 {C18: French: 3 Nc3 Bb4: Main line: 7 h4 and 7 Qg4} 14. Bd2 c4 15. Be2 Bd7 {The position is equal.} 16. h4 Nf5 17. h5 {Black should prevent hxg6.} Re8 {[#]} (17... Rg7 $11 {keeps the balance.}) 18. Kf1 $146 ({Predecessor:} 18. hxg6 hxg6 19. Ng5 Rg7 20. g4 Nd6 21. Kf1 {1-0 (40) Brkic,A (2584)-Konjicanin,M (2286) Sarajevo 2013}) 18... e5 19. dxe5 Nxe5 20. Nxe5 Ng3+ (20... Rxe5 $11 21. Kg1 g5 $1 {[%mdl 512]}) 21. Kg1 $16 Rxe5 22. fxg3 {And now Bf4 would win.} Qc5+ 23. Kh2 {aiming for Bf4.} Qf2 24. Re1 {Bf4 is the strong threat.} Bf5 $2 (24... d4 {is a better chance.}) 25. Bf3 $18 {White is clearly winning.} Be4 {[#]} 26. Bxe4 $1 ({And not} 26. Re2 Rxf3 27. Rxf2 Rxf2 $15) 26... dxe4 27. Be3 {Accuracy: White = 77%, Black = 33%.} 1-0

[Event "FRA-chT Top 12 2019"]
[Site "Brest"]
[Date "2019.05.20"]
[Round "3.5"]
[White "Maze, Sebastien"]
[Black "Dornbusch, Tatiana"]
[Result "0-1"]
[WhiteElo "2579"]
[BlackElo "2285"]
[Annotator "TA"]
[PlyCount "110"]
[EventDate "2019.05.18"]
[EventType "team-tourn"]
[EventCountry "FRA"]
[SourceTitle "playchess.com"]
[Source "ChessBase"]
[SourceQuality "1"]

{[%evp 13,110,0,7,6,23,11,52,31,43,25,81,79,177,184,170,131,112,120,150,150,666,658,714,370,314,35,31,37,52,11,20,14,22,8,46,0,163,145,177,184,156,162,285,292,285,255,486,480,470,468,436,420,397,285,285,145,160,168,541,0,278,-291,-350,-627,-589,-566,0,-456,-491,-1305,-1254,-1065,-1012,-1006,-925,-1622,-1586,-2905,-2589,-5129,-5129,-5165,-5165,-5129,-5113,-5097,-5097,-5085,-5061,-29966,-29966,-12837,-6406,-1664,-1583,-29979,-29980,-29971,-29974]} 1. c4 Nf6 2. Nc3 e5 3. Nf3 Nc6 4. e4 Bc5 5. Nxe5 Nxe5 6. d4 Bb4 7. dxe5 Nxe4 $1 8. Qf3 {A28: English Opening: Four Knights Variation} d5 {Threatens to win with ...d4.} (8... Nxc3 9. bxc3 Be7 10. Qg3 g6 11. Bh6 d6 12. Be2 Be6 13. Rd1 Qd7 14. exd6 cxd6 15. O-O O-O-O {1-0 (24) Carlsen,M (2835)-Giri,A (2783) St Petersburg 2018}) 9. Be2 Qe7 10. O-O {White is slightly better.} Bxc3 $1 11. bxc3 Qxe5 (11... O-O $1 $11 {remains equal.}) 12. Bf4 $16 Qxc3 (12... Qf5 $16 {might work better.}) 13. Bd3 $1 $36 {[%mdl 2048] Black is under strong pressure.} (13. Bxc7 Qxf3 14. Bxf3 Nd2 $11) 13... Bg4 14. Qxg4 Qxd3 15. Rad1 (15. Qxg7 $6 O-O-O $11) 15... Qxc4 16. Be5 $146 ({Predecessor:} 16. Qxg7) 16... Nd6 $2 (16... Qxa2 $2 17. Qxg7 O-O-O 18. Ra1 $18 (18. Qxf7 Nd6 $16)) (16... Nc3 $16 17. Qxc4 (17. Qxg7 Ne2+ 18. Kh1 O-O-O $15) 17... dxc4 18. Bxc3 O-O) 17. Rd4 Qxa2 18. Bxg7 f5 19. Qh5+ $2 (19. Re1+ Kd7 $11) (19. Qd1 $18 Kf7 20. Bxh8 Rxh8 21. Rd2 (21. Rxd5 Re8 $18)) 19... Kd7 $14 20. Bxh8 Rxh8 21. Qh6 Re8 22. Qxh7+ Re7 23. Qg8 c6 24. Rh4 {[%mdl 1024] White has compensation.} Qe2 $2 (24... c5 $1 $11) 25. Rh8 $18 {White threatens Qd8+ and mate.} Re8 26. Rh7+ Re7 27. h4 $1 d4 (27... Rxh7 {is a better defense.} 28. Qxh7+ Qe7) 28. Rxe7+ Qxe7 {[%mdl 4096] Endgame KQR-KQN} 29. h5 Qf7 $2 (29... Qf6 {was necessary.} 30. Ra1 Qh6) 30. Qh8 Qe8 31. Qg7+ Qf7 32. h6 c5 33. Re1 d3 34. Qc3 (34. Qh8 $18 Qh5 35. f3) 34... c4 35. Qd4 a6 $2 (35... Kc6 36. h7 (36. Qxa7 d2 $14) (36. Re5 b6 $16) 36... d2) 36. Re3 $2 (36. Rb1 $18 Kc7 37. Qc5+ Kd7 38. Rb6) 36... Kc6 $2 {[%mdl 8192] [#]} (36... Qh5 $1 $11 {and Black has nothing to worry.}) 37. Rh3 $4 {[%mdl 8192]} ({Don't do} 37. Re5 $6 b6 $18) (37. h7 $1 $18 {[%cal Rh7h8][%mdl 512] was the only winning move.} Qxh7 38. Re6 $1 {[%mdl 512]}) 37... Qd5 $19 38. Qxd5+ $2 (38. Qa1 d2 39. Qd1) 38... Kxd5 {KR-KN} 39. Kf1 {[#] Strongly threatening h7.} Nf7 $2 ({Black should try} 39... Kd4 $1 $19 {White must now prevent ...Kc3.} 40. h7 Nf7) 40. h7 $2 {[%mdl 8192]} (40. Ke1 $11 {and White is okay.} Kd4 41. Kd2 c3+ 42. Kc1) 40... Kd4 41. Rf3 (41. h8=R $142 Nxh8 42. Rxh8) 41... Kc3 42. Rxf5 d2 {[%cal Rd2d1]} 43. Ke2 Kc2 44. Rd5 c3 45. g4 {[#]} a5 $1 {[%mdl 512]} 46. g5 (46. Rxa5 d1=Q+) 46... Nh8 47. f4 a4 48. f5 a3 49. g6 a2 50. g7 a1=Q 51. g8=Q d1=Q+ 52. Rxd1 Qxd1+ 53. Ke3 Qd3+ {[%mdl 64] Double Attack} 54. Kf4 Qd4+ 55. Kg5 Kb2 {Accuracy: White = 55%, Black = 47%.} 0-1

[Event "FRA-chT Top 12 2019"]
[Site "Brest"]
[Date "2019.05.20"]
[Round "3.5"]
[White "Bailet, Pierre"]
[Black "Lefebvre, Herve"]
[Result "1-0"]
[WhiteElo "2466"]
[BlackElo "2291"]
[Annotator "TA"]
[PlyCount "87"]
[EventDate "2019.05.18"]
[EventType "team-tourn"]
[EventCountry "FRA"]
[SourceTitle "playchess.com"]
[Source "ChessBase"]
[SourceQuality "1"]

{[%evp 12,87,21,12,50,7,-1,-5,32,30,45,10,25,9,6,0,20,17,18,18,28,19,20,9,16,9,11,0,6,12,18,-7,0,-26,52,52,52,52,55,53,59,25,25,32,21,28,22,26,30,12,34,15,20,14,18,13,20,17,142,145,138,138,266,268,377,373,370,373,363,355,415,395,405,398,527,523,514,496]} 1. e4 c5 2. Nf3 d6 3. d4 cxd4 4. Nxd4 Nf6 5. Nc3 a6 6. h3 e5 7. Nde2 h5 {B90: Sicilian Najdorf: Unusual White 6th moves, 6 Be3 Ng4 and 6 Be3 e5} 8. Nd5 Nxd5 9. Qxd5 Nd7 {The position is equal.} (9... Nc6 10. Qd1 Be6 11. Nc3 Rc8 12. Be3 Ne7 13. Be2 d5 14. exd5 Nxd5 15. Nxd5 Qxd5 {½-½ (26) Wang,H (2730)-Giri,A (2783) St Petersburg 2018}) 10. Nc3 Nf6 11. Qd3 Be6 12. Bg5 Rc8 13. Be2 $146 ({Predecessor:} 13. Qf3 Be7 14. Bd3 Qb6 15. Nd1 {1-0 (30) Tarjan,J (2447)-Doknjas,J (2131) Windsor 2016}) 13... Be7 14. O-O O-O 15. Rfd1 Qb6 16. Rab1 g6 $1 17. Qg3 Kg7 18. Rd3 Rh8 19. Qh4 Qd8 20. Rbd1 Rc6 21. Qg3 h4 22. Qe3 Nh5 ({Black should play} 22... Ng4 $11 23. Bxg4 Bxg5) 23. Bxe7 $14 Qxe7 24. Bxh5 Rxh5 25. Qd2 {[%cal Rd3d6]} Qg5 26. Qxg5 (26. Kh2 {is interesting.} Rb6 27. Na4 Qxd2 28. R1xd2 Rb4 29. b3) 26... Rxg5 27. Kh2 Rb6 28. b3 Rc6 29. R1d2 Kf8 30. Nd5 {next Nf6 is good for White.} (30. a4 {feels hotter.} Ke7 31. a5 f5 32. f3 Rc7 33. Kg1) 30... Bxd5 31. Rxd5 $11 {[%mdl 4096] Endgame KRR-KRR} Ke7 32. c4 $36 {[%mdl 2048] White has some pressure.} f5 33. c5 Rxc5 34. Rxd6 {Rd7+ is the strong threat.} Rc7 {[#]} (34... Rc2 $1 $11) 35. exf5 $1 $16 gxf5 36. Rh6 {aiming for Rh7+.} Rg7 (36... Rc6 $16 37. Rxh4 Kf6) 37. Rd5 $18 ({Not} 37. Rxh4 Kf6 $16) 37... Rc2 (37... e4 $142 38. Rxf5 Rc2) 38. Rxe5+ {[%mdl 64] Double Attack} Kd7 39. Rxf5 Rxa2 40. Rxh4 b5 41. Rhf4 Kd6 42. h4 Ra3 43. b4 Rc7 44. h5 {Accuracy: White = 55%, Black = 44%.} 1-0

[Event "FRA-chT Top 12 2019"]
[Site "Brest"]
[Date "2019.05.20"]
[Round "3.5"]
[White "Godart, Francois"]
[Black "Burri, Quentin"]
[Result "1-0"]
[WhiteElo "2419"]
[BlackElo "2425"]
[Annotator "TA"]
[PlyCount "115"]
[EventDate "2019.05.18"]
[EventType "team-tourn"]
[EventCountry "FRA"]
[SourceTitle "playchess.com"]
[Source "ChessBase"]
[SourceQuality "1"]

{[%evp 12,115,12,4,4,21,21,10,7,12,20,0,12,8,0,0,19,0,20,6,26,14,69,41,61,13,40,28,33,5,4,6,23,22,37,29,34,38,33,21,29,18,57,12,6,0,0,0,6,5,5,5,21,12,18,8,149,156,208,221,214,179,338,289,288,264,420,415,408,409,374,380,550,550,548,532,536,533,496,502,685,707,695,658,642,616,587,578,2156,2125,5169,4133,29951,29954,8441,11858,7480,5293,5485,5110,29977,29978,29978,29979,29979,29977]} 1. e4 c5 2. Nf3 d6 3. Bb5+ Nd7 4. c3 Ngf6 5. Qe2 a6 6. Ba4 b5 7. Bc2 Bb7 {B51: Sicilian: Moscow Variation (3 Bb5+) without 3...Bd7} 8. d4 e6 (8... g6 9. O-O Bg7 10. e5 dxe5 11. dxe5 Bxf3 12. gxf3 Nd5 13. e6 N7f6 14. c4 bxc4 15. exf7+ Kxf7 {0-1 (31) Mamedov,R (2701)-Nepomniachtchi,I (2771) Astana 2019}) 9. O-O Be7 {The position is equal.} 10. a4 O-O 11. Bg5 bxa4 $146 ({Predecessor:} 11... Qc7 12. Bd3 Rfe8 13. Nbd2 c4 14. Bc2 h6 15. Bh4 e5 16. Rfe1 Bf8 {½-½ (97) Hendriks,W (2395)-Guramishvili,S (2368) Wijk aan Zee 2016}) 12. Rd1 Qc7 13. Rxa4 h6 14. Bh4 Rfe8 15. h3 cxd4 16. cxd4 e5 (16... Bc6 $11 17. Ra2 Bb5) 17. Nc3 (17. Rc4 $5 {[%cal Rc4c7]} Qa5 18. Ba4 $14) 17... Nb6 18. dxe5 dxe5 19. Raa1 Nh5 20. Bb3 Nf4 21. Qf1 Rad8 22. g3 Ng6 23. Bxe7 Qxe7 24. Rxd8 Rxd8 25. Rd1 Rxd1 26. Qxd1 Qd7 27. Qxd7 (27. Qa1 {seems wilder.} Qd3 28. Ne1 Qd2 29. Kg2 Qd4 30. Nf3) 27... Nxd7 28. Bd5 Bxd5 29. Nxd5 $11 {[%mdl 4096] Endgame KNN-KNN} Kf8 30. b4 Nb8 31. Kf1 Ke8 32. Ke2 Kd7 33. Kd3 Kd6 (33... Nc6 $11 {remains equal.}) 34. Ne3 $1 $16 Ke6 (34... Ne7 $16) 35. Nf5 $1 $18 Kf6 36. Kc4 $1 Nf8 $2 (36... Nd7 {keeps fighting.} 37. Kd5 Nb6+ 38. Kc6 Na4) 37. Kc5 Nbd7+ 38. Kc6 g6 (38... h5 $142 39. Ne3 Ke7 40. Nd5+ Ke8) 39. Nxh6 Ke7 40. Ng4 f6 41. Ne3 Ne6 (41... Ke8 $142 42. Kb7 Ne6 43. Kxa6 Kf7) 42. Nd5+ Kd8 43. Kd6 Nd4 44. Nxd4 exd4 {KN-KN} 45. Nf4 Ne5 46. Ne6+ Ke8 47. Nxd4 Nd3 48. f4 Nxb4 49. Ke6 a5 50. Kxf6 a4 51. Kxg6 a3 52. Kg7 a2 53. Nb3 Nd3 54. f5 Nc5 {[#]} 55. Na1 $1 ({Not} 55. f6 Nxb3 56. f7+ Kd7 $16) 55... Nxe4 56. f6 {White mates.} Ng5 57. h4 Ne6+ {[#]} 58. Kg8 $1 {Accuracy: White = 77%, Black = 33%.} 1-0

[Event "FRA-chT Top 12 2019"]
[Site "Brest"]
[Date "2019.05.20"]
[Round "3.5"]
[White "Ludwig, Remi"]
[Black "Moussard, Jules"]
[Result "0-1"]
[WhiteElo "2312"]
[BlackElo "2583"]
[Annotator "TA"]
[PlyCount "62"]
[EventDate "2019.05.18"]
[EventType "team-tourn"]
[EventCountry "FRA"]
[SourceTitle "playchess.com"]
[Source "ChessBase"]
[SourceQuality "1"]

{[%evp 9,62,28,36,31,39,29,30,28,28,23,35,22,26,25,32,42,45,16,29,25,23,-5,-8,-11,-10,-64,-13,-13,-24,-22,-29,-37,-41,-47,-28,-101,-106,-95,-85,-99,-87,-90,-94,-112,-106,-105,-108,-152,-142,-221,-218,-403,-399,-456,-437]} 1. d4 d6 2. Nf3 g6 3. c4 Nf6 4. Nc3 Bf5 5. Ng5 Bg7 6. e4 {E61: King's Indian: Early deviations for White, including Smyslov System} Bd7 7. f4 e5 8. dxe5 $146 {White has an edge.} ({Predecessor:} 8. fxe5 dxe5 {½-½ (57) Kramnik,V (2760)-Vachier Lagrave,M (2768) Tromsoe 2014}) 8... dxe5 9. fxe5 Ng4 10. e6 Bxe6 {[#] Hoping for ...Bxc3+.} 11. Qxd8+ Kxd8 12. Be2 Ne5 13. Bf4 Nbd7 14. O-O-O h6 15. Nf3 (15. Nxe6+ {is more complex.} fxe6 16. Kc2 Kc8 17. Rd2 a6 18. Rhd1) 15... Kc8 16. Nxe5 Bxe5 17. g3 (17. Nd5 $11) 17... g5 (17... Bxc3 $15 18. bxc3 b6) 18. Bxe5 $11 Nxe5 19. b3 c6 20. h4 Kc7 21. Rhf1 Rag8 22. Bh5 (22. h5 $11 {keeps the balance.}) 22... gxh4 $17 23. gxh4 Rg3 24. Ne2 Rh3 25. Rh1 Re3 26. Nf4 Rxe4 27. Nxe6+ fxe6 28. Kb1 Rf8 29. Rhg1 (29. Rh2 $17) 29... Rxh4 $19 30. Rg7+ $2 {[#]} (30. Rh1 Rff4 31. Be8) 30... Kb6 31. Be2 Rf2 {Accuracy: White = 37%, Black = 77%.} 0-1

[Event "FRA-chT Top 12 2019"]
[Site "Brest"]
[Date "2019.05.20"]
[Round "3.6"]
[White "Lagarde, Maxime"]
[Black "Koch, Jean-Rene"]
[Result "1-0"]
[WhiteElo "2600"]
[BlackElo "2465"]
[Annotator "TA"]
[PlyCount "117"]
[EventDate "2019.05.18"]
[EventType "team-tourn"]
[EventCountry "FRA"]
[SourceTitle "playchess.com"]
[Source "ChessBase"]
[SourceQuality "1"]

{[%evp 15,117,-12,-13,-30,-20,-18,0,0,0,0,0,-12,0,0,0,0,16,0,15,0,16,-17,0,0,45,39,29,0,0,0,0,0,24,0,0,0,0,0,0,0,37,0,0,-19,-16,-18,55,64,75,58,57,46,66,64,72,58,364,364,332,126,105,66,360,58,72,38,30,37,48,29,35,38,22,28,113,106,101,108,203,214,291,277,325,247,588,556,697,618,29969,29978,29978,29979,29979,29980,29980,29981,29987,29988,29988,29989,29989,29990,29990,29991]} 1. c4 e5 2. Nc3 Nc6 3. Nf3 Nf6 4. e3 Bb4 5. Qc2 Bxc3 6. Qxc3 Qe7 7. a3 d5 8. cxd5 Nxd5 9. Qb3 {A28: English Opening: Four Knights Variation} Nb6 10. d3 O-O (10... Bf5 11. Be2 O-O-O 12. O-O e4 13. dxe4 Bxe4 14. Qc3 Nd5 15. Qc4 Nb6 16. Qc3 Nd5 17. Qc4 Nb6 18. Qc3 Nd5 {½-½ (18) Mamedyarov,S (2753)-Rublevsky,S (2695) Khanty-Mansiysk 2013}) 11. Be2 {The position is equal.} a5 {[%cal Ba7a5,Ba5a4][%mdl 32]} 12. Bd2 a4 13. Qc2 Be6 14. Rc1 f6 15. O-O {[#]} Rfc8 $146 ({Predecessor:} 15... Rfd8 16. h3 {½-½ (16) Ortiz Suarez,I (2588)-Quesada Perez,Y (2642) Havana 2014}) 16. h3 Bb3 17. Qb1 Rd8 18. e4 Nc8 19. Be3 Nd4 20. Bxd4 exd4 21. Nd2 Bf7 22. Qc2 c6 23. f4 Nb6 24. Bg4 Ra5 25. Rce1 Rc5 26. Qb1 Rb5 27. Rf2 Nd7 28. e5 fxe5 29. Nf3 Qd6 $1 30. Bxd7 {aiming for Bg4.} Qxd7 (30... exf4 $11 31. Bxc6 (31. Bg4 h5 $15) 31... bxc6) 31. Nxe5 $14 Qf5 32. Qd1 Bb3 33. Qf3 Rc5 34. Qg3 Rc2 35. Ng4 Kf8 $2 {[%mdl 8192] [#]} ({Better is} 35... Qf8 $14) 36. Re5 $1 $18 {[%cal Re5f5]} ({Weaker is} 36. Qh4 Re8 $16) ({Not} 36. Rxc2 Bxc2 37. Qh4 Re8 $16) 36... Qd7 37. f5 $2 (37. Rxc2 $18 {and White stays clearly on top.} Bxc2 38. Rh5) 37... Rxf2 $16 38. Qxf2 {Hoping for f6.} h5 $2 {[%mdl 8192] [#]} ({Black should play} 38... Bd1 $1 $14) 39. Nh2 $2 ({White must play} 39. f6 $1 $18 {[%cal Rf6g7] fxg7+ would kill now.} hxg4 40. fxg7+ Kg8 41. Qf6) 39... Re8 $14 40. Nf3 Rxe5 41. Nxe5 Qd6 42. Ng6+ Kf7 $1 43. Qh4 Bd1 44. Kf2 Ke8 (44... c5 $11) 45. Qe4+ $16 Kd8 46. Nf4 Kc8 (46... Kd7 $16) 47. Ne6 $18 c5 48. Nxg7 Kb8 49. Ne8 Qb6 $2 (49... Qh2 {is a better chance.} 50. Qe7 Qf4+ 51. Kg1 Bb3) 50. f6 Qxb2+ 51. Kg3 Bb3 52. Qe5+ {[%mdl 64] Double Attack. White mates.} Ka8 53. Nc7+ Ka7 54. Qxc5+ b6 55. Qc6 {[%csl Gc7][%cal Rc6a8]} h4+ 56. Kh2 {[%csl Gc7][%cal Rc6a8]} Kb8 57. Nb5 Qc2 58. Qxc2 {[%mdl 64] Overworked Piece} Bxc2 59. f7 {Accuracy: White = 59%, Black = 42%.} 1-0